000
00313nam a22001337a 4500
003
SGT
020
_a
8190071513
082
_a
200
_b
A98R
100
_a
RAMU, P.S.
245
_a
AZAD HIND FAUJ (I.N.A.) & FREEDOM MOVEMENT
260
_b
FREEDOM MOVEMENT MEMORIAL COMMITTEE
_c
1998
300
_a
368
942
_2
ddc
_c
BK
999
_c
31825
_d
31825